| 000 | 00447nam a2200193Ia 4500 | ||
|---|---|---|---|
| 005 | 20250603145756.0 | ||
| 008 | 250603s9999 xx 000 0 und d | ||
| 020 | _a9780205741915 | ||
| 050 | _aHF 5721 .H37/ | ||
| 100 | _aHarty, Kevin J. | ||
| 245 | 0 | _aStrategies for business and technical writing | |
| 250 | _a7th ed. | ||
| 260 | _aBoston | ||
| 260 | _bLongman | ||
| 260 | _c2011 | ||
| 300 | _a338 p | ||
| 650 | _aBoston | ||
| 942 | _cBK | ||
| 999 |
_c42822 _d42822 |
||